Joint RICS/CAAV annual conference 1991. Agricultural valuation and rural practice surveying: the European dimension. Held at New Connaught Rooms WC2, 9 January 1991 (Record no. 90774)

MARC details
000 -LEADER
fixed length control field 01336cam a2200397 4500
001 - CONTROL NUMBER
control field M28
008 - FIXED-LENGTH DATA ELEMENTS--GENERAL INFORMATION
fixed length control field 090401t1991 xxu||||| |||| 00| 0 eng d
035 ## - SYSTEM CONTROL NUMBER
System control number (Sirsi) u39443
041 ## - LANGUAGE CODE
Language code of text/sound track or separate title eng
050 ## - LIBRARY OF CONGRESS CALL NUMBER
Classification number 333.335094
090 ## - LOCALLY ASSIGNED LC-TYPE CALL NUMBER (OCLC); LOCAL CALL NUMBER (RLIN)
Classification number (OCLC) (R) ; Classification number, CALL (RLIN) (NR) RICS 1991/18A
110 ## - MAIN ENTRY--CORPORATE NAME
Corporate name or jurisdiction name as entry element Central Association of Agricultural Valuers
245 ## - TITLE STATEMENT
Title Joint RICS/CAAV annual conference 1991. Agricultural valuation and rural practice surveying: the European dimension. Held at New Connaught Rooms WC2, 9 January 1991
260 ## - PUBLICATION, DISTRIBUTION, ETC.
Place of publication, distribution, etc. London
Name of publisher, distributor, etc. ICC
Date of publication, distribution, etc. 1991
300 ## - PHYSICAL DESCRIPTION
Extent 7 papers
350 ## - PRICE (NR) (BK AM CF MU VM SE) [OBSOLETE]
Price 0
520 ## - SUMMARY, ETC.
Summary, etc. Includes synopses of other papers, list of participants and biographical details. No loan copies of papers available.
650 ## - SUBJECT ADDED ENTRY--TOPICAL TERM
Topical term or geographic name entry element ABOUT RICS-RICS MEMBERS
650 ## - SUBJECT ADDED ENTRY--TOPICAL TERM
Topical term or geographic name entry element COMMON AGRICULTURAL POLICY
650 ## - SUBJECT ADDED ENTRY--TOPICAL TERM
Topical term or geographic name entry element EUROPE
650 ## - SUBJECT ADDED ENTRY--TOPICAL TERM
Topical term or geographic name entry element FARMING
650 ## - SUBJECT ADDED ENTRY--TOPICAL TERM
Topical term or geographic name entry element FARMLAND
650 ## - SUBJECT ADDED ENTRY--TOPICAL TERM
Topical term or geographic name entry element SINGLE MARKET
650 ## - SUBJECT ADDED ENTRY--TOPICAL TERM
Topical term or geographic name entry element Valuation
9 (RLIN) 6273
700 ## - ADDED ENTRY--PERSONAL NAME
Personal name Champness, Peter
700 ## - ADDED ENTRY--PERSONAL NAME
Personal name Elgar, David
700 ## - ADDED ENTRY--PERSONAL NAME
Personal name Hosking, John
700 ## - ADDED ENTRY--PERSONAL NAME
Personal name Lauriston, Comte Louis de
700 ## - ADDED ENTRY--PERSONAL NAME
Personal name Plumb of Coleshill, Charles Henry Plumb
Dates associated with a name Baron
Titles and other words associated with a name 1925-
700 ## - ADDED ENTRY--PERSONAL NAME
Personal name Starkey, Sir John
700 ## - ADDED ENTRY--PERSONAL NAME
Personal name Yorke, David
710 ## - ADDED ENTRY--CORPORATE NAME
Corporate name or jurisdiction name as entry element Institution and College Conferences
9 (RLIN) 2330
710 ## - ADDED ENTRY--CORPORATE NAME
Corporate name or jurisdiction name as entry element Royal Institution of Chartered Surveyors
9 (RLIN) 4900
942 ## - ADDED ENTRY ELEMENTS (KOHA)
Suppress in OPAC 0
948 ## - LOCAL PROCESSING INFORMATION (OCLC); SERIES PART DESIGNATOR (RLIN)
c (OCLC) 04/03/1997
Holdings
Withdrawn status Lost status Source of classification or shelving scheme Damaged status Not for loan Home library Current library Shelving location Date acquired Total Checkouts Full call number Barcode Date last seen Copy number Price effective from Koha item type
    Dewey Decimal Classification     London London RICS Boxes 16/08/1991   RICS 1991/18 30022608 06/08/2019 1 06/08/2019 Archive
    Dewey Decimal Classification     London London RICS Boxes 08/04/2005   RICS 1991/18 30070361 06/08/2019 2 06/08/2019 Reference material